000 00364nam a2200133Ia 4500
008 220204s9999 xx 000 0 und d
082 _a581.5:630
_bJAH
245 0 _aApplication of vegetation science to forestry
260 _aLondon
_bDr W Junk
_c1982
490 _aHandbook of vegetation science; pt 2
650 _aVegetation
700 _aJAHN, G
942 _cBK
999 _c38854
_d38854